000 00983 a2200289 4500
001 61983
005 20260407155912.0
008 260407a1982 arg spa d
003 AR-UNSa-BCEJYS
040 _aAR-UNSa-BCEJYS
_bspa
_cAR-UNSa-BCEJYS
080 _a349.2
_xDerecho del Trabajo
245 1 0 _aTratado de derecho del trabajo
020 _a978-950-00-8010-1
264 1 _aBuenos Aires :
_bAstrea
_c1982
300 _a5 v.
_c23 cm.
505 _aTomo I: Capítulos I a III -- Tomo II: Capítulos IV a VII -- Tomo III: Capítulos VIII a XI --Tomo IV: Capítulos XII a XVII -- Tomo V: Capítulos XVIII a XXII -- Tomo VI: Capítulo XXII
041 _aspa
942 _cBK
590 _aniveau_biblio:m niveau_hierar:0
100 1 _aVázquez Vialard, Antonio
700 1 _aPodetti, Humbero A.
700 1 _aRodríguez Mancini, Jorge
700 1 _aLópez, Justo
700 1 _aSagüés, Néstor Pedro
700 1 _aFermé, Eduardo L.
700 1 _aRainolter, Milton A.
999 _c7517
_d7517